000 00454nam a2200157 4500
001 119603
003 ES-MaACL
005 20230906191342.0
007 t|
008 070214s1969 sp r ||||1| spa d
100 1 _aPérez Minik, Domingo.
_991027
245 1 0 _aEntrada y salida de viajeros /
_cDomingo Pérez Minik.
260 _aSanta Cruz de Tenerife :
_bNuestro Arte,
_c1969.
300 _a145 p. ;
_c19 cm.
852 _aES-MaACL
_jC-40554
_bR.72932
999 _c119603
_d119603